| 000 | 00865cab a2200277 4500 | ||
|---|---|---|---|
| 001 | ABS60450 | ||
| 008 | 090401t1999 xxu||||| |||| 00| 0 eng d | ||
| 035 | _a(Sirsi) u92670 | ||
| 041 | _aeng | ||
| 100 | _aSeidl, A. | ||
| 245 | _aNew climate, new strategies | ||
| 260 | _c1999 | ||
| 350 | _a0 | ||
| 490 |
_aEstates Gazette _v(9913) 3 April 1999, 41-42(2) |
||
| 520 | _aDiscusses the prospects for the property sector in the current economic climate of low inflation, low interest rates and a sizeable reverse yield gap between property and gilts. | ||
| 650 | _aECONOMY | ||
| 650 | _aFORECASTS | ||
| 650 | _aINFLATION | ||
| 650 | _aINTEREST RATES | ||
| 650 | _aPROPERTY MARKET | ||
| 650 | _aREVERSE YIELD GAP | ||
| 690 | _aPROPERTY-COMMERCIAL PROPERTY-COMMERCIAL PROPERTY MARKET | ||
| 700 | _aCatalano, A. | ||
| 942 | _n0 | ||
| 948 | _c12/04/1999 | ||
| 999 |
_c58738 _d58738 |
||